000 00416 a2200145 4500
003 OSt
005 20240905130924.0
008 240131b |||||||| |||| 00| 0 eng d
040 _coclc
082 _a297
_bMAH/M
100 _aMahdi, Faleh bin Mahdi Al
_910505
245 _aAL TUHFATH AL MAHDIYYA /
_cFaleh bin Mahdi Al Mahdi
300 _a164p. ;
942 _2ddc
_cBK
_h297
_k297
_iMAH/M
_mMAH/M
999 _c43355
_d43355